The greening of Machiavelli : (Record no. 8972)

MARC details
000 -LEADER
fixed length control field 01325cam a2200313 a 4500
001 - CONTROL NUMBER
control field 2091695
003 - CONTROL NUMBER IDENTIFIER
control field OSt
005 - DATE AND TIME OF LATEST TRANSACTION
control field 20240627103956.0
008 - FIXED-LENGTH DATA ELEMENTS--GENERAL INFORMATION
fixed length control field 940630s1994 enk b 001 0 eng d
010 ## - LIBRARY OF CONGRESS CONTROL NUMBER
LC control number 95104239
020 ## - INTERNATIONAL STANDARD BOOK NUMBER
International Standard Book Number 1853832146
020 ## - INTERNATIONAL STANDARD BOOK NUMBER
International Standard Book Number 1853832111 (pbk.)
035 ## - SYSTEM CONTROL NUMBER
System control number (OCoLC)30691379
040 ## - CATALOGING SOURCE
Transcribing agency must
042 ## - AUTHENTICATION CODE
Authentication code lccopycat
082 00 - DEWEY DECIMAL CLASSIFICATION NUMBER
Classification number 363 BRE 1994
100 1# - MAIN ENTRY--PERSONAL NAME
Personal name Brenton, Tony.
9 (RLIN) 18194
245 14 - TITLE STATEMENT
Title The greening of Machiavelli :
Remainder of title the evolution of international environmental politics /
Statement of responsibility, etc. Tony Brenton.
260 ## - PUBLICATION, DISTRIBUTION, ETC. (IMPRINT)
Place of publication, distribution, etc. London :
Name of publisher, distributor, etc. Royal Institute of International Affairs, Energy and Environmental Programme :
-- Earthscan Publications ;
Place of publication, distribution, etc. Washington, D.C. :
Name of publisher, distributor, etc. distributed in North America by Brookings Institution,
Date of publication, distribution, etc. 1994.
300 ## - PHYSICAL DESCRIPTION
Extent xv, 282 p. ;
Dimensions 22 cm.
504 ## - BIBLIOGRAPHY, ETC. NOTE
Bibliography, etc Includes bibliographical references and index.
650 #0 - SUBJECT ADDED ENTRY--TOPICAL TERM
Topical term or geographic name as entry element Environmental policy
General subdivision International cooperation.
9 (RLIN) 4966
650 #0 - SUBJECT ADDED ENTRY--TOPICAL TERM
Topical term or geographic name as entry element Environmental protection
General subdivision International cooperation.
9 (RLIN) 18195
650 #0 - SUBJECT ADDED ENTRY--TOPICAL TERM
Topical term or geographic name as entry element Environmental law, International.
9 (RLIN) 7738
710 2# - ADDED ENTRY--CORPORATE NAME
Corporate name or jurisdiction name as entry element Energy and Environmental Programme (Royal Institute of International Affairs)
9 (RLIN) 18196
906 ## - LOCAL DATA ELEMENT F, LDF (RLIN)
a 7
b cbc
c copycat
d 2
e ncip
f 19
g y-gencatlg
942 ## - ADDED ENTRY ELEMENTS (KOHA)
Source of classification or shelving scheme Dewey Decimal Classification
Koha item type Open Shelf
Holdings
Withdrawn status Lost status Source of classification or shelving scheme Damaged status Not for loan Home library Current library Date acquired Source of acquisition Inventory number Total Checkouts Full call number Barcode Date last seen Price effective from Koha item type
    Dewey Decimal Classification     MUST Main Library MUST Main Library 27/06/2024 purchase 03/18096   363 BRE 1994 2024-21495 27/06/2024 27/06/2024 Open Shelf